Największe miasta w Japonii - Statystyki

Ogólne statystyki
  • Ten quiz został rozwiązany 2 066 razy
  • Średni wynik to 7 z 20
Statystyki odpowiedzi
Populacja Miasto % Poprawnych
9 555 919 Tokio
99%
2 725 006 Osaka
79%
1 199 252 Hiroszima
71%
1 468 980 Kioto
68%
1 966 416 Sapporo
63%
3 740 172 Jokohama
43%
2 320 361 Nagoja
43%
1 527 407 Kobe
34%
1 579 450 Fukuoka
29%
1 516 483 Kawasaki
22%
1 088 669 Sendai
19%
800 582 Niigata
14%
1 295 607 Saitama
14%
977 247 Chiba
13%
721 329 Okayama
12%
794 025 Hamamatsu
9%
945 595 Kitakiusiu
8%
739 556 Kumamoto
8%
723 012 Sagamihara
5%
831 017 Sakai
5%
Nie znaleziono quizów pasujących do podanych kryteriów
Rozkład punktacji
Procent ludzi z każdym wynikiem
Percentyl według liczby udzielonych odpowiedzi
Twoja historia wyników
Nie rozwiązałeś tego quizu